| 000 -LEADER |
| fixed length control field |
00760cam a2200217 a 4500 |
| 020 ## - INTERNATIONAL STANDARD BOOK NUMBER |
| ISBN |
0026501023 (teacher's wraparound ed.) |
| 020 ## - INTERNATIONAL STANDARD BOOK NUMBER |
| ISBN |
002650099X (student text) |
| 040 ## - CATALOGING SOURCE |
| Transcribing agency |
DLC |
| 082 00 - DEWEY DECIMAL CLASSIFICATION NUMBER |
| Classification number |
973 GLE 1992 A114 Or. |
| 100 1# - MAIN ENTRY--AUTHOR NAME |
| Personal name |
Bragdon, Henry W. |
| 245 10 - TITLE STATEMENT |
| Title |
History of a free nation / |
| 250 ## - EDITION STATEMENT |
| Edition statement |
Teacher's wraparound ed. |
| 260 ## - PUBLICATION, DISTRIBUTION, ETC. (IMPRINT) |
| Place of publication |
Lake Forest, Ill. : |
| Name of publisher |
Glencoe/Macmillan/McGraw-Hill, |
| Year of publication |
c1992. |
| 300 ## - PHYSICAL DESCRIPTION |
| Number of Pages |
23, xxxiv, 1166 p. : |
| Other physical details |
col. ill. ; |
| Dimensions |
29 cm. |
| 500 ## - GENERAL NOTE |
| General note |
"Portions of this book are adapted from 'History of a free people', 1981, and 'Heritage of freedom', 1985"--P. iv. |
| 700 1# - ADDED ENTRY--PERSONAL NAME |
| Personal name |
McCutchen, Samuel Proctor, |
| 700 1# - ADDED ENTRY--PERSONAL NAME |
| Personal name |
Ritchie, Donald A., |
| 700 1# - ADDED ENTRY--PERSONAL NAME |
| Personal name |
Bragdon, Henry W. |
| 700 1# - ADDED ENTRY--PERSONAL NAME |
| Personal name |
Ritchie, Donald A., |
| 942 ## - ADDED ENTRY ELEMENTS (KOHA) |
| Koha item type |
សៀវភៅភាសាអង់គ្លេស |
| 952 ## - LOCATION AND ITEM INFORMATION (KOHA) |
| Withdrawn status [LOCAL, KOHA] |
0 |